[Event "62th POL-ch (w)"]
[Site "Warsaw POL"]
[Date "2010.01.17"]
[Round "4.2"]
[White "Worek, Joanna"]
[Black "Szczepkowska-Horowska, Karina"]
[Result "0-1"]
[WhiteElo "2226"]
[BlackElo "2322"]
[EventDate "2010.01.09"]
[PlyCount "88"]

1.d4 d6 2.e4 Nf6 3.Nc3 Nc6 4.Nf3 Bg4 5.Be2 e6 6.h3 Bh5 7.Be3 Be7 8.d5 exd5
9.exd5 Nb8 10.O-O O-O 11.a4 a5 12.Nd4 Bxe2 13.Qxe2 Qd7 14.Qf3 g6 15.Bh6 
Re8 16.Rfe1 Bd8 17.Bg5 Rxe1+ 18.Rxe1 Ne8 19.Qe3 Ng7 20.Ne4 Na6 21.Bxd8 
Qxd8 22.Qf4 Nh5 23.Qf3 Nc5 24.g4 Nxe4 25.Rxe4 Qg5 26.h4 Qc1+ 27.Kg2 Ng7 
28.Re7 Rf8 29.b3 Qd2 30.c3 c5 31.Nb5 h5 32.Nxd6 hxg4 33.Qe4 Qxc3 34.Qxg4 
Qxb3 35.Qc4 Qd1 36.Rxb7 Nh5 37.Re7 Qd2 38.Re5 Nf4+ 39.Kf3 Nd3 40.Re2 Qd1 
41.Ke3 Ne5 42.Qe4 f5 43.Nxf5 Rxf5 44.f4 Qc1+ 0-1

[Event "62th POL-ch (w)"]
[Site "Warsaw POL"]
[Date "2010.01.17"]
[Round "4.3"]
[White "Worek, Joanna"]
[Black "Szczepkowska-Horowska, Karina"]
[Result "1-0"]
[WhiteElo "2226"]
[BlackElo "2322"]
[EventDate "2010.01.09"]
[PlyCount "141"]

1.d4 Nf6 2.c4 d6 3.Nf3 Nbd7 4.Nc3 e5 5.e4 Be7 6.Be2 O-O 7.h3 c6 8.Be3 Re8 
9.O-O a6 10.Qc2 h6 11.Rad1 Qc7 12.a3 Bf8 13.dxe5 dxe5 14.Na4 b6 15.Nc3 Bc5
16.Bc1 a5 17.Qb1 a4 18.Qc2 Qa7 19.Kh1 Nf8 20.Be3 N8d7 21.Nh4 Bf8 22.Nf5 
Nc5 23.Nd6 Bxd6 24.Rxd6 Bd7 25.Bxh6 Ne6 26.Be3 c5 27.Nd5 Nxd5 28.Rxd5 Nd4 
29.Bxd4 exd4 30.Rg5 Qc7 31.f4 f6 32.Rg3 Re7 33.Bh5 b5 34.Bg6 bxc4 35.Qxc4+
Be6 36.Qe2 Bf7 37.Bxf7+ Rxf7 38.Qc4 Kf8 39.e5 fxe5 40.fxe5 Rxf1+ 41.Qxf1+ 
Kg8 42.Qc4+ Qf7 43.e6 Qe7 44.Rg4 Re8 45.Re4 Rd8 46.Qxa4 d3 47.Qd1 Rd6 48.
Qb3 d2 49.Qd1 c4 50.Re2 Rxe6 51.Rxe6 Qxe6 52.Qxd2 Qe4 53.a4 Qd3 54.Qc3 
Qd1+ 55.Kh2 Qxa4 56.Qe5 Qc6 57.g4 Qa4 58.Kg3 Qc2 59.Qe6+ Kf8 60.Qf5+ Qxf5 
61.gxf5 Kf7 62.Kf4 Kf6 63.h4 g6 64.fxg6 Kxg6 65.Ke4 Kh5 66.Kd4 Kxh4 67.
Kxc4 Kg5 68.Kd5 Kf6 69.Kd6 Kf7 70.b4 Ke8 71.Kc7 1-0

[Event "62th POL-ch (w)"]
[Site "Warsaw POL"]
[Date "2010.01.17"]
[Round "4.4"]
[White "Szczepkowska-Horowska, Karina"]
[Black "Worek, Joanna"]
[Result "0-1"]
[WhiteElo "2322"]
[BlackElo "2226"]
[EventDate "2010.01.09"]
[PlyCount "70"]

1.e4 c5 2.Nf3 d6 3.d4 cxd4 4.Nxd4 Nf6 5.Nc3 e6 6.Be2 Be7 7.O-O O-O 8.f4 
Nc6 9.Kh1 Bd7 10.Be3 a6 11.a4 Rc8 12.Nb3 Na5 13.Nd2 e5 14.Qe1 Nc6 15.f5 
Nb4 16.Bd3 Nxd3 17.cxd3 Bc6 18.Qg3 Kh8 19.a5 d5 20.Bb6 Qd6 21.Rae1 dxe4 
22.Ndxe4 Bxe4 23.dxe4 Bd8 24.Rd1 Qe7 25.Bxd8 Rfxd8 26.Qe3 Qb4 27.Qb6 Qxb6 
28.axb6 h6 29.Kg1 Rd4 30.Kf2 Rb4 31.Nd5 Rxb2+ 32.Kg1 Nxd5 33.Rxd5 Rcc2 34.
Rfd1 Rxg2+ 35.Kf1 Rbf2+ 0-1

[Event "62th POL-ch (w)"]
[Site "Warsaw POL"]
[Date "2010.01.16"]
[Round "4.1"]
[White "Adamowicz, Katarzyna"]
[Black "Gosciniak, Maria"]
[Result "1-0"]
[WhiteElo "2125"]
[BlackElo "2188"]
[EventDate "2010.01.09"]
[PlyCount "99"]

1.e4 c6 2.d4 d5 3.Nc3 dxe4 4.Nxe4 Nf6 5.Nxf6+ gxf6 6.c3 h5 7.Nf3 h4 8.h3 
Bf5 9.Bc4 e6 10.Bf4 Bd6 11.Qd2 Qc7 12.Bxd6 Qxd6 13.O-O-O Nd7 14.Bb3 O-O-O 
15.c4 c5 16.Qe3 Qc7 17.d5 e5 18.Bc2 Bxc2 19.Kxc2 Qd6 20.Qe4 Rdg8 21.Nxh4 
Rg5 22.Nf5 Qa6 23.Ne3 Qa4+ 24.Kb1 Nb8 25.b3 Qb4 26.g4 a5 27.Nf5 Rxf5 28.
Qxf5+ Nd7 29.h4 a4 30.Kb2 Kc7 31.d6+ Kc6 32.Qd3 Ra8 33.Rh3 Kb6 34.Qd5 Ra6 
35.Qxf7 Kc6 36.h5 Qa5 37.Qd5+ Kb6 38.bxa4 Ka7 39.Rb3 Nb6 40.Qf3 Qxa4 41.a3
Nxc4+ 42.Ka2 Nb6 43.d7 e4 44.Qc3 Nxd7 45.Rdb1 b6 46.h6 Qc6 47.h7 Qc8 48.
Qc4 Kb7 49.Qd5+ Kc7 50.Rd1 1-0

[Event "62th POL-ch (w)"]
[Site "Warsaw POL"]
[Date "2010.01.17"]
[Round "4.2"]
[White "Gosciniak, Maria"]
[Black "Adamowicz, Katarzyna"]
[Result "0-1"]
[WhiteElo "2188"]
[BlackElo "2125"]
[EventDate "2010.01.09"]
[PlyCount "142"]

1.g3 d5 2.Bg2 Nf6 3.Nf3 g6 4.O-O Bg7 5.c4 c6 6.Qc2 O-O 7.d3 Nbd7 8.b3 e5 
9.e4 Re8 10.Bb2 Rb8 11.Nc3 d4 12.Ne2 c5 13.Nh4 a6 14.Bc1 Nh5 15.Bf3 Nhf6 
16.Bg5 h6 17.Bd2 Nf8 18.Bg2 Nh5 19.Qc1 g5 20.Nf5 Bxf5 21.exf5 Nd7 22.Be4 
Ndf6 23.f3 Qe7 24.Kh1 Kh7 25.Qc2 Rg8 26.Rae1 Qd7 27.Qd1 Bf8 28.Ng1 Ng7 29.
Qe2 Nge8 30.Qf2 Nd6 31.g4 Ndxe4 32.dxe4 Ne8 33.h4 f6 34.Ne2 Kg7 35.Nc1 b5 
36.Nd3 Bd6 37.Qh2 Nc7 38.Kg2 Rh8 39.Rh1 bxc4 40.bxc4 Qa4 41.Rc1 Qxa2 42.
Kg3 gxh4+ 43.Kxh4 Kf7 44.Rhg1 Rbg8 45.Rg2 Qb3 46.Ne1 Ne8 47.Qg1 Ng7 48.Kh3
Rb8 49.Kg3 Be7 50.Rh2 h5 51.Qh1 Rbg8 52.Kf2 a5 53.gxh5 Ne8 54.Rg2 Nd6 55.
h6 Bf8 56.Rxg8 Rxg8 57.h7 Rh8 58.Ke2 Nxc4 59.Nd3 Nxd2 60.Qh5+ Ke7 61.Rxc5 
Nb1 62.Rc7+ Kd8 63.Rc1 Nc3+ 64.Kf1 Qb7 65.Qg6 Qe7 66.Ra1 a4 67.Nc5 Rxh7 
68.Ne6+ Kc8 69.Qg8 Rh1+ 70.Kg2 Rxa1 71.Nxf8 Kb7 0-1

[Event "62th POL-ch (w)"]
[Site "Warsaw POL"]
[Date "2010.01.16"]
[Round "4.1"]
[White "Tomaszewska, Luiza"]
[Black "Zakoscielna, Kinga"]
[Result "1/2-1/2"]
[WhiteElo "1891"]
[BlackElo "2030"]
[EventDate "2010.01.09"]
[PlyCount "73"]

1.b3 e5 2.Bb2 Nc6 3.c4 Nf6 4.e3 Be7 5.a3 a5 6.d3 d5 7.cxd5 Nxd5 8.Nf3 Bf6 
9.Qc2 O-O 10.Nc3 Nxc3 11.Bxc3 Qd6 12.Be2 b5 13.O-O Bb7 14.Bb2 Rfe8 15.Nd2 
Ne7 16.Ne4 Bxe4 17.dxe4 c6 18.Rfd1 Qb8 19.a4 Qb6 20.Rd6 Rad8 21.Rad1 Rxd6 
22.Rxd6 bxa4 23.bxa4 Qb4 24.Rd7 h6 25.Bc3 Qb6 26.g3 Ng6 27.Qd2 Nf8 28.Bxa5
Qb1+ 29.Qd1 Qxd1+ 30.Rxd1 Ra8 31.Bb4 Rxa4 32.Bxf8 Kxf8 33.Rc1 Rxe4 34.Rxc6
Rb4 35.Rc8+ Ke7 36.Rc7+ Ke8 37.Ra7 1/2-1/2

[Event "62th POL-ch (w)"]
[Site "Warsaw POL"]
[Date "2010.01.17"]
[Round "4.2"]
[White "Zakoscielna, Kinga"]
[Black "Tomaszewska, Luiza"]
[Result "1-0"]
[WhiteElo "2030"]
[BlackElo "1891"]
[EventDate "2010.01.09"]
[PlyCount "75"]

1.e4 g6 2.d4 Bg7 3.c4 d6 4.Nc3 e5 5.Be3 Nc6 6.Nge2 Nf6 7.f3 exd4 8.Nxd4 
Nxd4 9.Bxd4 O-O 10.Be2 Be6 11.O-O Qd7 12.Qd2 a5 13.Rac1 a4 14.Rfd1 Rfd8 
15.Nd5 Bxd5 16.cxd5 c5 17.dxc6 bxc6 18.Qc3 Qe6 19.Qxc6 Rdc8 20.Qb5 Rxc1 
21.Rxc1 Nxe4 22.Bxg7 Ng3 23.hxg3 Qe3+ 24.Kh2 Qxc1 25.Bd4 Qh6+ 26.Kg1 Qd2 
27.Bc3 Qe3+ 28.Kf1 a3 29.Qd5 Re8 30.Qd1 Rc8 31.Bd4 Qh6 32.Kf2 Rc1 33.Qa4 
axb2 34.Bxb2 Rc8 35.Qd4 f6 36.Qxf6 Qf8 37.Qh8+ Kf7 38.Qxh7+ 1-0